[Event "Pervomaisky Autumn"]
[Site "Pervomaisky"]
[Date "2016.10.09"]
[Round "13"]
[White "Grinkevich, Sergey"]
[Black "Moiseenko, Vladimir"]
[Result "0-1"]
[WhiteElo "2228"]
[BlackElo "2153"]
[PlyCount "56"]
[EventDate "2016.09.30"]
[EventType "tourn"]
[EventRounds "13"]
[EventCountry "RUS"]
[EventCategory "3"]
[SourceTitle "EXT 2017"]
[Source "ChessBase"]
[SourceDate "2016.10.25"]
[SourceVersion "1"]
[SourceVersionDate "2016.10.25"]
[SourceQuality "1"]

1. c4 Nf6 2. Nc3 d5 3. cxd5 Nxd5 4. g3 g6 5. Bg2 Nb6 6. Nf3 Bg7 7. 0-0 0-0 8. d3 Nc6 9. Be3 e5 10. Qd2 Re8 11. Bh6 Bh8 12. Rac1 Nd4 13. Nxd4 exd4 14. Ne4 c6 15. Bg5 f6 16. Bh6 Qe7 17. Rfe1 f5 18. Nc5 Qf7 19. e4 dxe3 20. Rxe3 Rxe3 21. Qxe3 Bxb2 22. Re1 Bf6 23. Bg5 Bc3 24. Re2 Bg7 25. Qe7 Qxe7 26. Rxe7 Bf8 27. Re8 Kf7 28. Re5 Bd6 0-1

[Event "Pervomaisky Autumn"]
[Site "Pervomaisky"]
[Date "2016.10.06"]
[Round "10"]
[White "Abrosimov, Vladimir"]
[Black "Grinkevich, Sergey"]
[Result "1-0"]
[WhiteElo "2322"]
[BlackElo "2228"]
[PlyCount "39"]
[EventDate "2016.09.30"]
[EventType "tourn"]
[EventRounds "13"]
[EventCountry "RUS"]
[EventCategory "3"]
[SourceTitle "EXT 2017"]
[Source "ChessBase"]
[SourceDate "2016.10.25"]
[SourceVersion "1"]
[SourceVersionDate "2016.10.25"]
[SourceQuality "1"]

1. e4 d5 2. exd5 Qxd5 3. Nc3 Qa5 4. d4 Nf6 5. Nf3 Bg4 6. h3 Bh5 7. g4 Bg6 8. Ne5 e6 9. h4 h6 10. Nxg6 fxg6 11. Bd3 Kf7 12. Qf3 c6 13. g5 hxg5 14. hxg5 Rxh1+ 15. Qxh1 Nd5 16. Qf3+ Ke7 17. Bd2 Nxc3 18. Bxc3 Qc7 19. Bb4+ Kd7 20. Qxf8 1-0

[Event "Pervomaisky Autumn"]
[Site "Pervomaisky"]
[Date "2016.10.03"]
[Round "5"]
[White "Grinkevich, Sergey"]
[Black "Kurilin, Alexander"]
[Result "0-1"]
[WhiteElo "2228"]
[BlackElo "2315"]
[PlyCount "50"]
[EventDate "2016.09.30"]
[EventType "tourn"]
[EventRounds "13"]
[EventCountry "RUS"]
[EventCategory "3"]
[SourceTitle "EXT 2017"]
[Source "ChessBase"]
[SourceDate "2016.10.25"]
[SourceVersion "1"]
[SourceVersionDate "2016.10.25"]
[SourceQuality "1"]

1. c4 Nf6 2. Nc3 d5 3. cxd5 Nxd5 4. e4 Nxc3 5. bxc3 e5 6. Nf3 Bd6 7. d4 exd4 8. cxd4 0-0 9. Bc4 Qe7 10. e5 Bb4+ 11. Bd2 Bg4 12. Rb1 Bxd2+ 13. Qxd2 Nc6 14. Rxb7 Bxf3 15. gxf3 Rad8 16. Qc3 Rxd4 17. Be2 Nxe5 18. Rxc7 Qf6 19. f4 Qxf4 20. Kf1 Rb4 21. Qe3 Nd3 22. Bxd3 Qxc7 23. a3 Ra4 24. Rg1 g6 25. Be2 Qxh2 0-1

[Event "Pervomaisky Autumn"]
[Site "Pervomaisky"]
[Date "2016.10.03"]
[Round "6"]
[White "Ponomarenko, Viktor"]
[Black "Grinkevich, Sergey"]
[Result "1-0"]
[WhiteElo "2247"]
[BlackElo "2228"]
[PlyCount "31"]
[EventDate "2016.09.30"]
[EventType "tourn"]
[EventRounds "13"]
[EventCountry "RUS"]
[EventCategory "3"]
[SourceTitle "EXT 2017"]
[Source "ChessBase"]
[SourceDate "2016.10.25"]
[SourceVersion "1"]
[SourceVersionDate "2016.10.25"]
[SourceQuality "1"]

1. d4 Nf6 2. c4 e5 3. dxe5 Ng4 4. Nf3 Bc5 5. e3 Nc6 6. Be2 Ngxe5 7. 0-0 0-0 8. Nc3 Re8 9. b3 Nxf3+ 10. Bxf3 Ne5 11. Bb2 a5 12. Ne4 Nxf3+ 13. Qxf3 Bf8 14. Nf6+ gxf6 15. Bxf6 Re7 16. Qg3+ 1-0

[Event "Pervomaisky Autumn"]
[Site "Pervomaisky"]
[Date "2016.09.30"]
[Round "1"]
[White "Tishin, Petr"]
[Black "Grinkevich, Sergey"]
[Result "1-0"]
[WhiteElo "2427"]
[BlackElo "2228"]
[PlyCount "65"]
[EventDate "2016.09.30"]
[EventType "tourn"]
[EventRounds "13"]
[EventCountry "RUS"]
[EventCategory "3"]
[SourceTitle "EXT 2017"]
[Source "ChessBase"]
[SourceDate "2016.10.25"]
[SourceVersion "1"]
[SourceVersionDate "2016.10.25"]
[SourceQuality "1"]

1. e4 c6 2. d4 d5 3. exd5 cxd5 4. c4 Nf6 5. Nc3 e6 6. Nf3 Bb4 7. cxd5 Nxd5 8. Bd2 Nc6 9. Bd3 0-0 10. 0-0 Be7 11. a3 Bf6 12. Qc2 Nxc3 13. bxc3 h6 14. Bf4 a6 15. Bh7+ Kh8 16. Be4 Bd7 17. Qd2 Be7 18. Rfb1 f5 19. Bc2 Qc8 20. c4 Rd8 21. Re1 Bf6 22. Rab1 Be8 23. d5 exd5 24. cxd5 Bh5 25. Ne5 Nxe5 26. Bxe5 Bxe5 27. Rxe5 Bg6 28. g3 Qd7 29. Rb6 Kh7 30. Rxg6 Kxg6 31. Qb4 Rf8 32. Re7 Qxd5 33. Qg4+ 1-0

[Event "Tula Rassadnev Memorial"]
[Site "Tula"]
[Date "2006.02.10"]
[Round "7"]
[White "Kuznezov, Albert"]
[Black "Grinkevich, Sergey"]
[Result "0-1"]
[WhiteElo "2098"]
[BlackElo "2255"]
[PlyCount "144"]
[EventDate "2006.02.01"]
[EventType "tourn"]
[EventRounds "15"]
[EventCountry "RUS"]
[SourceTitle "EXT 2007"]
[Source "ChessBase"]
[SourceDate "2006.11.23"]
[SourceVersion "1"]
[SourceVersionDate "2006.11.23"]
[SourceQuality "1"]

1. d4 Nf6 2. c4 e6 3. Nc3 Bb4 4. Qc2 c5 5. e3 Nc6 6. Nf3 0-0 7. dxc5 Bxc5 8. a3 h6 9. Bd3 d5 10. 0-0 Bd7 11. cxd5 exd5 12. Nxd5 Bd6 13. Nxf6+ Qxf6 14. Bd2 Rac8 15. Bc3 Ne5 16. Nxe5 Bxe5 17. Bxe5 Qxe5 18. Qe2 Rfd8 19. Rfd1 Bc6 20. Rd2 Rd6 21. Rad1 Re6 22. Bb1 Ree8 23. Qg4 g6 24. Ba2 Kg7 25. Qd4 Rc7 26. h3 a6 27. Rc1 Kh7 28. Qxe5 Rxe5 29. h4 Rce7 30. b4 Kg7 31. Rd4 Rh5 32. Bc4 g5 33. Bd5 Bxd5 34. Rxd5 Rxh4 35. Rc3 Rhe4 36. Kf1 Kg6 37. Ke2 g4 38. f3 gxf3+ 39. gxf3 Rh4 40. Kf2 Rh1 41. Kg3 h5 42. e4 f6 43. Rcc5 h4+ 44. Kg2 Ra1 45. Rc3 Rh7 46. Rd2 h3+ 47. Kh2 Kg5 48. Rc5+ Kf4 49. Rf5+ Ke3 50. Rb2 Rh6 51. Rb3+ Kd4 52. Rd5+ Kc4 53. Rb2 Rxa3 54. Rf2 Kxb4 55. Rb2+ Rb3 56. Rxb3+ Kxb3 57. Rd7 b5 58. Rd6 a5 59. e5 Rh5 60. e6 Re5 61. f4 Re3 62. Rd5 Rxe6 63. Rxb5+ Ka4 64. Rb8 Re4 65. Kg3 h2 66. Rb1 Re2 67. Kf3 Rb2 68. Rh1 Kb4 69. Ke4 a4 70. Kf5 a3 71. Kxf6 a2 72. f5 Rb1 0-1

[Event "Tula Rassadnev Memorial"]
[Site "Tula"]
[Date "2006.02.07"]
[Round "5"]
[White "Novikov, Konstantin Ivan"]
[Black "Grinkevich, Sergey"]
[Result "1-0"]
[WhiteElo "2228"]
[BlackElo "2255"]
[PlyCount "57"]
[EventDate "2006.02.01"]
[EventType "tourn"]
[EventRounds "15"]
[EventCountry "RUS"]
[SourceTitle "EXT 2007"]
[Source "ChessBase"]
[SourceDate "2006.11.23"]
[SourceVersion "1"]
[SourceVersionDate "2006.11.23"]
[SourceQuality "1"]

1. b4 e5 2. Bb2 f6 3. b5 a6 4. a4 axb5 5. axb5 Rxa1 6. Bxa1 d5 7. e3 Bd6 8. c4 Be6 9. cxd5 Bxd5 10. Nc3 Be6 11. Qa4 Nd7 12. Nf3 Ne7 13. d4 0-0 14. Bc4 Bf7 15. 0-0 Qe8 16. Rd1 Nb6 17. Bxf7+ Qxf7 18. Qc2 Qc4 19. Nd2 Qe6 20. Nce4 Rc8 21. Nf3 Qc4 22. Qb1 Ng6 23. h3 Ra8 24. dxe5 Bxe5 25. Bxe5 Nxe5 26. Nxe5 fxe5 27. Ng5 e4 28. Rd4 Qa2 29. Qxa2+ 1-0

[Event "RUS Central Region-chT club"]
[Site "Tula"]
[Date "2005.11.26"]
[Round "2"]
[White "Grinblat, Dmitry"]
[Black "Grinkevich, Sergey"]
[Result "1-0"]
[WhiteElo "2368"]
[BlackElo "2268"]
[PlyCount "83"]
[EventDate "2005.11.25"]
[EventType "team"]
[EventRounds "5"]
[EventCountry "RUS"]
[SourceTitle "CBM 109 Extra"]
[Source "ChessBase"]
[SourceDate "2006.01.03"]
[SourceVersion "2"]
[SourceVersionDate "2006.01.03"]
[SourceQuality "1"]

1. d4 Nf6 2. Nf3 e6 3. c4 b6 4. g3 Bb7 5. Bg2 Be7 6. 0-0 0-0 7. Nc3 Ne4 8. Qc2 f5 9. Be3 Nxc3 10. Qxc3 d6 11. Rfd1 Nd7 12. Ng5 Bxg5 13. Bxb7 Rb8 14. Bc6 f4 15. Bxf4 Bxf4 16. gxf4 Rxf4 17. Qe3 Rf6 18. Kh1 Nf8 19. Rg1 Qe7 20. Rg4 Qf7 21. Rag1 g6 22. f3 Kh8 23. b4 Rf5 24. b5 a5 25. bxa6 Ra5 26. Bb7 Rxa2 27. Qb3 Ra5 28. c5 c6 29. d5 e5 30. Qxb6 Rxa6 31. Qxa6 Rxb7 32. dxc6 Ra7 33. Qb6 Qc7 34. Qxc7 Rxc7 35. cxd6 Rxc6 36. Rd1 Nd7 37. Ra4 Rc8 38. Ra7 Rd8 39. Rda1 Nb6 40. R1a6 Rxd6 41. Rb7 Nc8 42. Ra8 1-0

[Event "RUS-ch Seniors"]
[Site "Tula"]
[Date "2004.05.15"]
[Round "6"]
[White "Grinkevich, Sergey"]
[Black "Melkonyan, Leonard"]
[Result "1/2-1/2"]
[WhiteElo "2268"]
[BlackElo "2337"]
[PlyCount "81"]
[EventDate "2004.05.??"]
[EventType "swiss"]
[EventRounds "9"]
[EventCountry "RUS"]
[SourceTitle "EXT 2005"]
[Source "ChessBase"]
[SourceDate "2004.11.15"]
[SourceVersion "1"]
[SourceVersionDate "2004.11.15"]
[SourceQuality "1"]

1. e4 c6 2. d3 d5 3. Nd2 Nf6 4. e5 Nfd7 5. f4 c5 6. Ngf3 Nc6 7. c3 Qb6 8. g3 e6 9. Qe2 a5 10. Bh3 Qc7 11. Ng5 Ndb8 12. 0-0 Be7 13. Ngf3 b5 14. g4 Nd7 15. Re1 Ba6 16. f5 0-0-0 17. g5 exf5 18. Bxf5 g6 19. Bg4 Kb8 20. Nf1 Bc8 21. Bf4 Nf8 22. Bxc8 Kxc8 23. Bg3 Ne6 24. c4 bxc4 25. dxc4 d4 26. N1d2 Nb4 27. Rec1 d3 28. Qg2 Qb7 29. Qf2 Rd7 30. Rc3 Bxg5 31. Nb3 Nc2 32. Nxc5 Qxb2 33. Nxg5 Qxa1+ 34. Kg2 Ne1+ 35. Kh3 Nxg5+ 36. Kg4 Nef3 37. Nxd7 Qxc3 38. Qc5+ Kd8 39. Qb6+ Ke8 40. Qb8+ Kxd7 41. Qd6+ 1/2-1/2

[Event "RUS-ch Seniors"]
[Site "Tula"]
[Date "2004.05.13"]
[Round "4"]
[White "Grinkevich, Sergey"]
[Black "Zemliakov, Valentin"]
[Result "1-0"]
[WhiteElo "2268"]
[BlackElo "2175"]
[PlyCount "47"]
[EventDate "2004.05.??"]
[EventType "swiss"]
[EventRounds "9"]
[EventCountry "RUS"]
[SourceTitle "EXT 2005"]
[Source "ChessBase"]
[SourceDate "2004.11.15"]
[SourceVersion "1"]
[SourceVersionDate "2004.11.15"]
[SourceQuality "1"]

1. e4 e5 2. Nf3 Nc6 3. Bb5 Bc5 4. 0-0 Nge7 5. c3 Bb6 6. d4 exd4 7. cxd4 d5 8. exd5 Nxd5 9. Re1+ Be6 10. Bg5 Qd6 11. Nc3 Nxc3 12. bxc3 0-0 13. Qd3 f6 14. Rxe6 Qd7 15. Bf4 Kh8 16. Rae1 a6 17. Ba4 Ne5 18. R6xe5 Qxa4 19. Rh5 f5 20. Rxf5 Rxf5 21. Qxf5 Qa5 22. Qf7 h6 23. Bxh6 gxh6 24. Re6 1-0

[Event "RUS-ch Seniors"]
[Site "Tula"]
[Date "2004.05.12"]
[Round "3"]
[White "Chernikov, Oleg L"]
[Black "Grinkevich, Sergey"]
[Result "1-0"]
[WhiteElo "2420"]
[BlackElo "2268"]
[PlyCount "103"]
[EventDate "2004.05.??"]
[EventType "swiss"]
[EventRounds "9"]
[EventCountry "RUS"]
[SourceTitle "EXT 2005"]
[Source "ChessBase"]
[SourceDate "2004.11.15"]
[SourceVersion "1"]
[SourceVersionDate "2004.11.15"]
[SourceQuality "1"]

1. d4 Nf6 2. c4 e6 3. Nf3 b6 4. a3 Bb7 5. Nc3 Ne4 6. Qc2 Nxc3 7. Qxc3 Be7 8. Bf4 0-0 9. e3 f5 10. h3 Bf6 11. Be2 d6 12. Qb3 Nd7 13. c5 Bd5 14. Bc4 Bxc4 15. Qxc4 bxc5 16. Qxe6+ Kh8 17. 0-0 cxd4 18. exd4 Rb8 19. b4 Nb6 20. Rac1 Qc8 21. Qxc8 Rbxc8 22. Bg5 Nd5 23. Bxf6 Rxf6 24. Rfe1 Kg8 25. Rc6 h6 26. Ra6 Ra8 27. Ra5 c6 28. Rc1 Ne7 29. d5 cxd5 30. Rc7 Nc8 31. Nd4 Rf7 32. Rxf7 Kxf7 33. Nxf5 Kf6 34. Ne3 d4 35. Nd5+ Kf7 36. Kf1 Rb8 37. Ke2 g5 38. Kd3 Rb7 39. Kxd4 Ke6 40. Ra6 Kd7 41. f3 Rb8 42. a4 Rb7 43. b5 Ke6 44. a5 Kd7 45. Kc4 Ne7 46. Nxe7 Kxe7 47. b6 axb6 48. axb6 Ke6 49. Kb5 Rf7 50. Kc6 Rf4 51. b7 Rc4+ 52. Kb6 1-0

[Event "Donskoj STEK"]
[Site "Donskoj"]
[Date "2003.??.??"]
[Round "5"]
[White "Grinkevich, Sergey"]
[Black "Afromeev, Vladimir"]
[Result "1/2-1/2"]
[WhiteElo "2264"]
[BlackElo "2542"]
[PlyCount "46"]
[EventDate "2003.??.??"]
[EventType "tourn"]
[EventRounds "11"]
[EventCountry "RUS"]
[EventCategory "2"]
[SourceTitle "EXT 2005"]
[Source "ChessBase"]
[SourceDate "2004.11.15"]
[SourceVersion "1"]
[SourceVersionDate "2004.11.15"]
[SourceQuality "1"]

1. e4 e5 2. Nf3 Nf6 3. Nxe5 Qe7 4. Nf3 Qxe4+ 5. Be2 Bb4 6. c3 Ba5 7. d4 d5 8. 0-0 0-0 9. Nbd2 Qf5 10. Nb3 Bb6 11. Be3 Re8 12. Ne5 Nbd7 13. Nxd7 Bxd7 14. Qd3 Qxd3 15. Bxd3 h6 16. Rae1 c6 17. Bf4 Nh5 18. Bd6 Rxe1 19. Rxe1 Re8 20. Rxe8+ Bxe8 21. Nc5 Bxc5 22. Bxc5 b6 23. Bd6 b5 1/2-1/2

[Event "Donskoj STEK"]
[Site "Donskoj"]
[Date "2003.??.??"]
[Round "7"]
[White "Grinkevich, Sergey"]
[Black "Trunov, Andrey"]
[Result "1-0"]
[WhiteElo "2264"]
[BlackElo "2159"]
[PlyCount "75"]
[EventDate "2003.??.??"]
[EventType "tourn"]
[EventRounds "11"]
[EventCountry "RUS"]
[EventCategory "2"]
[SourceTitle "EXT 2005"]
[Source "ChessBase"]
[SourceDate "2004.11.15"]
[SourceVersion "1"]
[SourceVersionDate "2004.11.15"]
[SourceQuality "1"]

1. Nf3 Nf6 2. g3 g6 3. Bg2 Bg7 4. 0-0 0-0 5. d4 d6 6. c4 c5 7. d5 e5 8. Nc3 a6 9. a4 Nbd7 10. e4 Nb6 11. b3 Bd7 12. Ne1 Ne8 13. Bb2 Nc8 14. Nd3 Rb8 15. a5 f5 16. f4 exf4 17. Nxf4 Bd4+ 18. Kh1 Nf6 19. Qd2 Ng4 20. Rae1 Qxa5 21. exf5 Bxf5 22. h3 Ne5 23. Ne6 Bxe6 24. Rxf8+ Kxf8 25. dxe6 Ne7 26. Qg5 Qd8 27. Rf1+ Kg8 28. Ne4 Nf5 29. Nf6+ Kh8 30. Bxd4 cxd4 31. Rxf5 gxf5 32. Qxf5 Qe7 33. Nd5 Qg7 34. e7 d3 35. Be4 d2 36. Bc2 Re8 37. Nf6 Rxe7 38. Qc8+ 1-0